000 00280nam a22001337a 4500
008 170823b xxu||||| |||| 00| 0 eng d
020 _a9780390237477
041 _aeng
080 _a51
100 _a38
101 _aMAT
245 _aGRAPH THEORY
_cNASTASE,E
942 _2udc
_cBK
999 _c24610
_d24610